Introductory and intermediate algebra (Record no. 18476)
[ view plain ]
| 000 -LEADER | |
|---|---|
| fixed length control field | 00451nam a22001457a 4500 |
| 008 - FIXED-LENGTH DATA ELEMENTS--GENERAL INFORMATION | |
| fixed length control field | 200813b xxu||||| |||| 00| 0 eng d |
| 020 ## - INTERNATIONAL STANDARD BOOK NUMBER | |
| International Standard Book Number | 1133365663 |
| 100 ## - MAIN ENTRY--PERSONAL NAME | |
| Personal name | Aufmann, Richard |
| 245 ## - TITLE STATEMENT | |
| Title | Introductory and intermediate algebra |
| Remainder of title | An applied approach |
| Statement of responsibility, etc. | Richard Aufmann |
| 250 ## - EDITION STATEMENT | |
| Edition statement | 6th ed. |
| Remainder of edition statement | International edition |
| 260 ## - PUBLICATION, DISTRIBUTION, ETC. (IMPRINT) | |
| Place of publication, distribution, etc. | Australia |
| Name of publisher, distributor, etc. | Brooks/Cole |
| Date of publication, distribution, etc. | 2014 |
| 300 ## - PHYSICAL DESCRIPTION | |
| Extent | 3 Vol (various paging) |
| 700 ## - ADDED ENTRY--PERSONAL NAME | |
| Personal name | Joanne Lockwood |
| 942 ## - ADDED ENTRY ELEMENTS (KOHA) | |
| Source of classification or shelving scheme | Library of Congress Classification |
| Koha item type | General Collection |
| Withdrawn status | Lost status | Source of classification or shelving scheme | Not for loan | Home library | Current library | Date acquired | Cost, normal purchase price | Total Checkouts | Full call number | Barcode | Date last seen | Price effective from | Koha item type |
|---|---|---|---|---|---|---|---|---|---|---|---|---|---|
| Library of Congress Classification | Kabarak, Main Campus | Kabarak, Main Campus | 13/08/2020 | 9198.00 | QA152.2 .A94 2014 c.1 | 030462 | 13/08/2020 | 13/08/2020 | General Collection | ||||
| Library of Congress Classification | Kabarak, Main Campus | Kabarak, Main Campus | 13/08/2020 | 9198.00 | QA152.2 .A94 2014 c.2 | 030463 | 13/08/2020 | 13/08/2020 | General Collection | ||||
| Library of Congress Classification | Kabarak, Nakuru City Campus | Kabarak, Nakuru City Campus | 13/08/2020 | 9198.00 | QA152.2 .A94 2014 c.1 | 030464 | 13/08/2020 | 13/08/2020 | General Collection |